000 00538nam a2200193Ia 4500
001 13739
003 GE_BSU
008 181216s||||||||xx |||||||||||||| ||und||
040 _cGE_BSU
100 _aლორთქიფანიძე,ნიკო
245 _aმოთხრობები
245 _cრედ.ვ.კიკნაძე
260 _aთბილისი
260 _bფედერაცია
260 _c1941
300 _a254გვ.21სმ.
653 _aმოთხრობები
942 _cBK
999 _c46886
_d46886